00590nam a2200157 a 450000500170000000800410001702000180005805000260007610000180010224500340012026000380015430000210019252001690021365000360038265000140041820140412111307.0010425s19uu xx 00 eng d a0-8234-0577-X aTR(GS 394.2bG53 1984 aGibbons, Gail aHalloween /cby Gail Gibbons. aNew York :bHoliday House,c1984. a1v. (unp.) ;ill. aPresents the many traditions associated with the Halloween holiday, including making jack-o-lanterns, wearing costumes, trick-or-treating, and telling scary stories aHalloween - Juvenile literature aHalloween